Perspectives on pedagogical grammar

Tallennettuna:
Bibliografiset tiedot
Päätekijä: Odlin, Terence (Tekijä)
Aineistotyyppi: Kirja
Kieli:englanti
Julkaistu: Nueva York Cambridge University 1994
Sarja:The Cambridge Applied Linguistics Series
Aiheet:
Tagit: Lisää tagi
Ei tageja, Lisää ensimmäinen tagi!

MARC

LEADER 00000nam a2200000 a 4500
001 UCN0461
003 CL-VaPUC
008 010323e19940000US |||||||||||||||||eng|d
082 0 4 |a 418.007  |b ODL  |2 21 
100 0 |a Odlin, Terence  |e author  |9 455710 
245 1 0 |a Perspectives on pedagogical grammar 
300 |a 340 p 
942 |c BK 
945 |d 20010323 00:00:00  |a vberengu 
260 |a Nueva York  |b Cambridge University  |c 1994 
650 7 |a LENGUAJE Y LENGUAS ESTUDIO Y ENSEÑANZA  |2 CL-VaPUC  |9 455711 
650 0 |a Gramática comparada y general  |9 313380 
583 |a last modification  |c 20010323 00:00:00  |k Rodrigo Vera 
490 0 |a The Cambridge Applied Linguistics Series 
999 |c 294209  |d 294207 
952 |0 0  |1 0  |4 0  |6 418_007000000000000_ODL_1994  |7 0  |8 A  |9 346186  |a FDOPOS  |b FDOPOS  |d 2019-11-20  |i 3700429  |o 418.007 ODL 1994  |p 3700429  |r 2025-01-22  |w 2019-11-20  |y BK  |k MLA